Cancer prevetive measures in Islam: (Record no. 1678343)

MARC details
000 -LEADER
fixed length control field 00724nam a22002417a 4500
005 - DATE AND TIME OF LATEST TRANSACTION
control field 20260129113215.0
008 - FIXED-LENGTH DATA ELEMENTS--GENERAL INFORMATION
fixed length control field 260129b |||||||| |||| 00| 0 eng d
020 ## - INTERNATIONAL STANDARD BOOK NUMBER
International Standard Book Number 978-93-344-3435-4
037 ## - SOURCE OF ACQUISITION
Terms of availability TB
040 ## - CATALOGING SOURCE
Original cataloging agency CRL
Transcribing agency CRL
041 ## - LANGUAGE CODE
Source of code eng
Language code of text/sound track or separate title eng
084 ## - COLON CLASSIFICATION NUMBER
Classification number L:47257:(Q7) R5
Assigning agency CRL
100 ## - MAIN ENTRY--PERSONAL NAME
Personal name Jamil, Javed
9 (RLIN) 1112670
245 ## - TITLE STATEMENT
Title Cancer prevetive measures in Islam:
Remainder of title Let the world benefit
260 ## - PUBLICATION, DISTRIBUTION, ETC.
Place of publication, distribution, etc. New Delhi, India:
Name of publisher, distributor, etc. Mission Publications,
Date of publication, distribution, etc. 2025.
300 ## - PHYSICAL DESCRIPTION
Extent 272p.
365 ## - TRADE PRICE
Price amount 450
Currency code INR
650 ## - SUBJECT ADDED ENTRY--TOPICAL TERM
Topical term or geographic name entry element Medicine
9 (RLIN) 1112671
650 ## - SUBJECT ADDED ENTRY--TOPICAL TERM
Topical term or geographic name entry element Islam
9 (RLIN) 1112672
650 ## - SUBJECT ADDED ENTRY--TOPICAL TERM
Topical term or geographic name entry element Cancer
9 (RLIN) 1112673
942 ## - ADDED ENTRY ELEMENTS (KOHA)
Source of classification or shelving scheme Colon Classification (CC)
Koha item type Textbook
Classification part L:47257:(Q7) R5
Suppress in OPAC No
Holdings
Withdrawn status Lost status Source of classification or shelving scheme Damaged status Not for loan Home library Current library Date acquired Source of acquisition Cost, normal purchase price Total Checkouts Full call number Barcode Date last seen Price effective from Koha item type
    Colon Classification (CC)     Central Library Central Library 2026-01-29 Gift 450.00   L:47257:(Q7) R5 CL1700313 2026-01-29 2026-01-29 Textbook
Copyright @ Delhi University Library System